[Event "LLHH 1920 FC St. Pauli II - SC Königssp"]
[Site "?"]
[Date "2020.03.01"]
[Round "7.1"]
[White "Hloskovsky, Andrei"]
[Black "Trisic, Aleksandar"]
[Result "0-1"]
[WhiteElo "2067"]
[BlackElo "2349"]
[PlyCount "102"]
[EventDate "2020.??.??"]

1. e4 c5 2. Nc3 Nc6 3. g3 g6 4. Bg2 Bg7 5. d3 d6 6. Be3 e6 7. Qd2 Rb8 8. f4
Nge7 9. Nf3 Nd4 10. O-O O-O 11. e5 Nef5 12. Bxd4 cxd4 13. Ne4 dxe5 14. fxe5 b5
15. Nf6+ Kh8 16. Ng5 Bxf6 17. exf6 e5 18. Rae1 Ne3 19. Rxe3 dxe3 20. Qxe3 Qb6
21. Qxb6 Rxb6 22. Bd5 Kg8 23. Re1 Rxf6 24. Rxe5 Kg7 25. Ne4 Rf5 26. Rxf5 Bxf5
27. Nc5 Re8 28. Be4 Bg4 29. Kf2 Bd1 30. d4 Bg4 31. c3 h5 32. Bd3 Rb8 33. d5 Rd8
34. c4 bxc4 35. Bxc4 Kf6 36. b4 Ke5 37. Ke3 Bc8 38. Nd3+ Kd6 39. Kd4 Re8 40.
Nc5 f5 41. a4 Re1 42. a5 Rh1 43. a6 Rxh2 44. Nb7+ Kc7 45. d6+ Kb6 46. Nc5 h4
47. d7 Bxd7 48. Nxd7+ Kc7 49. b5 Rd2+ 50. Bd3 Kxd7 51. gxh4 Kc7 0-1

[Event "LLHH 1920 FC St. Pauli II - SC Königssp"]
[Site "?"]
[Date "2020.03.01"]
[Round "7.2"]
[White "Jahncke, Giso"]
[Black "Conrad, Christian"]
[Result "1-0"]
[WhiteElo "2304"]
[BlackElo "2096"]
[PlyCount "63"]
[EventDate "2020.??.??"]

1. d4 Nf6 2. c4 g6 3. Nc3 Bg7 4. e4 d6 5. f3 O-O 6. Nge2 c5 7. Be3 Nc6 8. d5
Ne5 9. Ng3 e6 10. Be2 exd5 11. cxd5 a6 12. a4 Re8 13. O-O h5 14. h3 h4 15. Nh1
Nh7 16. Nf2 f5 17. Qc2 b6 18. Rae1 Ra7 19. f4 Nf7 20. Bd3 Nh6 21. a5 bxa5 22.
e5 dxe5 23. fxe5 Rxe5 24. Bxc5 Rd7 25. Bc4 Kh8 26. Nd3 Rxe1 27. Rxe1 Nf7 28.
Nf4 Rd6 29. Bxd6 Nxd6 30. Nxg6+ Kg8 31. Bd3 Ne4 32. Nxe4 1-0

[Event "LLHH 1920 FC St. Pauli II - SC Königssp"]
[Site "?"]
[Date "2020.03.01"]
[Round "7.3"]
[White "Lohse, Marc"]
[Black "Perez De Miguel, Alvaro"]
[Result "0-1"]
[WhiteElo "1915"]
[BlackElo "2295"]
[PlyCount "43"]
[EventDate "2020.??.??"]

1. e4 c6 2. d4 d5 3. exd5 cxd5 4. Bd3 Nc6 5. c3 Qc7 6. Qb3 Nxd4 7. Qxd5 Nc6 8.
Ne2 Nf6 9. Qb3 Bg4 10. Be3 O-O-O 11. Bb5 a6 12. Bxc6 Qxc6 13. f3 e5 14. fxg4
Nxg4 15. Bb6 Bc5 16. Bxd8 Qxg2 17. Bg5 Qxh1+ 18. Kd2 Qe4 19. Qxf7 Rf8 20. Qe6+
Kb8 21. h3 Nh2 22. Kd1 0-1

[Event "LLHH 1920 FC St. Pauli II - SC Königssp"]
[Site "?"]
[Date "2020.03.01"]
[Round "7.4"]
[White "Priebe, Jan"]
[Black "Chin, Karin"]
[Result "0-1"]
[WhiteElo "2200"]
[BlackElo "2027"]
[PlyCount "106"]
[EventDate "2020.??.??"]

1. e4 c5 2. Nf3 Nc6 3. c4 g6 4. g3 Bg7 5. Bg2 d6 6. O-O e6 7. Nc3 Nge7 8. d3
O-O 9. Be3 Nd4 10. Rb1 h6 11. Ne2 Nec6 12. Nfxd4 cxd4 13. Bd2 f5 14. b4 e5 15.
Qa4 Ne7 16. b5 g5 17. Bb4 f4 18. f3 h5 19. c5 dxc5 20. Bxc5 b6 21. Ba3 Be6 22.
Rbc1 Qd7 23. Rc6 Nxc6 24. bxc6 Qf7 25. Bxf8 Bxf8 26. Nc1 Bd6 27. Nb3 a6 28. Rc1
Qe7 29. Bf1 Bb4 30. Na1 b5 31. Qc2 Rc8 32. a4 Bc3 33. axb5 axb5 34. Qb1 b4 35.
Nb3 Rxc6 36. Na5 Ra6 37. Nc4 Qc5 38. Kg2 Kf7 39. h4 fxg3 40. Kxg3 gxh4+ 41. Kh2
Ra1 42. Qc2 Rxc1 43. Qxc1 Bxc4 44. dxc4 d3 45. Qh6 Qf2+ 46. Bg2 Qg3+ 47. Kh1 d2
48. Qd6 Qe1+ 49. Kh2 d1=Q 50. Qc7+ Ke8 51. Qc8+ Ke7 52. Qc7+ Qd7 53. Qc5+ Kf7
0-1

[Event "LLHH 1920 FC St. Pauli II - SC Königssp"]
[Site "?"]
[Date "2020.03.01"]
[Round "7.6"]
[White "Geelhoed, Bastiaan"]
[Black "Schroeter, Baldur"]
[Result "0-1"]
[WhiteElo "1789"]
[BlackElo "2013"]
[PlyCount "102"]
[EventDate "2020.??.??"]

1. e4 d5 2. exd5 Nf6 3. d4 Nxd5 4. c4 Nb6 5. Nc3 e5 6. dxe5 Qxd1+ 7. Nxd1 Nc6
8. Nf3 Bb4+ 9. Bd2 Bxd2+ 10. Kxd2 Bg4 11. Kc3 Bxf3 12. gxf3 Nxe5 13. f4 Ned7
14. Rg1 g6 15. f5 O-O-O 16. Ne3 Nf6 17. Bd3 Na4+ 18. Kc2 Nxb2 19. Be2 Na4 20.
Rab1 Nc5 21. Bf3 c6 22. Rb2 Rd4 23. Kb1 Rhd8 24. Rd1 Rxd1+ 25. Bxd1 Rd4 26.
fxg6 hxg6 27. f3 Nh5 28. Bb3 Nf4 29. Ng4 Kd7 30. Rc2 Ke6 31. Rc1 Nxb3 32. Re1+
Kd6 33. axb3 Rd3 34. Ne5 Rxb3+ 35. Kc2 Ra3 36. Kb2 Nd3+ 37. Kxa3 Nxe1 38. Nxf7+
Kc5 39. f4 Nd3 40. Nd8 b6 41. Kb3 Nxf4 42. Nb7+ Kd4 43. Nd6 a6 44. Nc8 b5 45.
Nb6 Nd3 46. cxb5 axb5 47. Nc8 c5 48. h4 c4+ 49. Kc2 b4 50. Nd6 b3+ 51. Kd2 c3+
0-1

[Event "LLHH 1920 FC St. Pauli II - SC Königssp"]
[Site "?"]
[Date "2020.03.01"]
[Round "7.7"]
[White "Goetz, Claus"]
[Black "Marx, Joschka"]
[Result "0-1"]
[WhiteElo "1919"]
[BlackElo "2001"]
[PlyCount "84"]
[EventDate "2020.??.??"]

1. e4 c6 2. d4 g6 3. g3 Bg7 4. Bg2 d5 5. e5 Nh6 6. Ne2 f6 7. exf6 exf6 8. O-O
O-O 9. Bf4 Na6 10. h4 Nc7 11. Qd2 Nf7 12. b3 Be6 13. Bxc7 Qxc7 14. Nf4 Bf5 15.
Nc3 Rfe8 16. Rfe1 Bh6 17. Nce2 Re7 18. c4 dxc4 19. bxc4 Rae8 20. Qc3 Bg4 21.
Kf1 g5 22. hxg5 fxg5 23. Bh3 Bxh3+ 24. Nxh3 Nd6 25. Rad1 Qd7 26. Neg1 Ne4 27.
Qc1 Qf5 28. Kg2 Qf6 29. f3 g4 30. Nf4 gxf3+ 31. Nxf3 Rg7 32. Nh5 Qg6 33. Qb1
Qxh5 34. Rxe4 Rf8 35. Qd3 Bf4 36. Rxf4 Rxf4 37. Rh1 Rxg3+ 38. Kxg3 Rg4+ 39. Kf2
Qxh1 40. Qf5 Rg2+ 41. Ke3 Qh6+ 42. Kd3 Qg6 0-1

[Event "LLHH 1920 TV Fischbek - SK Johanneum Ep"]
[Site "?"]
[Date "2020.03.01"]
[Round "7.1"]
[White "von Gleich, Alexander"]
[Black "Serrer, Christoph"]
[Result "1/2-1/2"]
[WhiteElo "2336"]
[BlackElo "2281"]
[PlyCount "31"]
[EventDate "2020.??.??"]

1. Nf3 d5 2. g3 Nf6 3. Bg2 e6 4. O-O Be7 5. d4 O-O 6. c4 dxc4 7. Qc2 a6 8. a4
Bd7 9. Qxc4 Bc6 10. Bg5 Nbd7 11. Nc3 h6 12. Bxf6 Nxf6 13. Rfe1 Bd5 14. Qd3 Bxf3
15. Bxf3 c6 16. Red1 1/2-1/2

[Event "LLHH 1920 TV Fischbek - SK Johanneum Ep"]
[Site "?"]
[Date "2020.03.01"]
[Round "7.2"]
[White "de Voogt, Juergen"]
[Black "Schroeder, Christoph"]
[Result "1/2-1/2"]
[WhiteElo "2230"]
[BlackElo "2164"]
[PlyCount "117"]
[EventDate "2020.??.??"]

1. e4 c5 2. Nc3 Nc6 3. g3 g6 4. Bg2 Bg7 5. d3 d6 6. Nge2 e5 7. O-O Nge7 8. Be3
Nd4 9. f4 Be6 10. Qd2 Qd7 11. Rf2 h5 12. fxe5 dxe5 13. Bg5 Nxe2+ 14. Nxe2 O-O
15. Bf6 Bxf6 16. Rxf6 Kg7 17. Raf1 Ng8 18. R6f2 f6 19. Qe3 b6 20. a3 Rad8 21.
Rd1 Nh6 22. Bf3 Ng4 23. Bxg4 Bxg4 24. Rd2 Bxe2 25. Qxe2 Qh3 26. Rf3 Rd6 27. Qg2
Qxg2+ 28. Rxg2 c4 29. dxc4 Rd1+ 30. Rf1 Rd4 31. Re1 Rxc4 32. Rd2 Rf7 33. Kg2
Rfc7 34. c3 b5 35. Rd6 a5 36. Rf1 Rf7 37. Rb6 b4 38. axb4 axb4 39. Rxb4 Rxb4
40. cxb4 Rb7 41. Re1 Rxb4 42. Re2 Kf7 43. Kf3 Ke6 44. Rc2 Rb3+ 45. Ke2 h4 46.
gxh4 Rh3 47. Kf1 Rxh4 48. Re2 Kd6 49. Rf2 Ke6 50. Re2 f5 51. b4 fxe4 52. b5 Kd5
53. Rg2 Rf4+ 54. Ke2 Rf6 55. Ke3 Rb6 56. h4 Rxb5 57. Rxg6 Rb3+ 58. Ke2 Rh3 59.
Rg8 1/2-1/2

[Event "LLHH 1920 TV Fischbek - SK Johanneum Ep"]
[Site "?"]
[Date "2020.03.01"]
[Round "7.3"]
[White "Zart, Ruediger"]
[Black "Kneip, Jakob"]
[Result "1/2-1/2"]
[WhiteElo "2117"]
[BlackElo "2099"]
[PlyCount "40"]
[EventDate "2020.??.??"]

1. d4 Nf6 2. c4 e6 3. Nc3 d5 4. cxd5 exd5 5. Bg5 c6 6. e3 Be7 7. Bd3 Nbd7 8.
Qc2 h6 9. Bh4 Nh5 10. Bxe7 Qxe7 11. Nge2 Nb6 12. O-O-O Be6 13. Kb1 O-O-O 14.
Nc1 Kb8 15. Nb3 Nf6 16. Nc5 Bc8 17. N3a4 Nxa4 18. Qxa4 Ng4 19. Qc2 Qh4 20. g3
Qh3 1/2-1/2

[Event "LLHH 1920 TV Fischbek - SK Johanneum Ep"]
[Site "?"]
[Date "2020.03.01"]
[Round "7.4"]
[White "Brandt, Carina"]
[Black "Johannsen, Dennis"]
[Result "0-1"]
[WhiteElo "2070"]
[BlackElo "2117"]
[PlyCount "90"]
[EventDate "2020.??.??"]

1. e4 c6 2. d4 d5 3. Nd2 dxe4 4. Nxe4 Bf5 5. Ng3 Bg6 6. h4 h6 7. Nf3 Nd7 8. h5
Bh7 9. Bd3 Bxd3 10. Qxd3 e6 11. Bd2 Ngf6 12. O-O-O Be7 13. Kb1 Qc7 14. Ne4 Nxe4
15. Qxe4 Nf6 16. Qe2 O-O-O 17. g3 Rhe8 18. c4 c5 19. Bc3 cxd4 20. Nxd4 Qb6 21.
f4 Bb4 22. c5 Bxc5 23. Rc1 Rd5 24. Nb3 Kb8 25. Qc4 Bd6 26. Be5 Rd8 27. Rc3 Bxe5
28. fxe5 Nd7 29. Rhc1 a6 30. Qg4 Nxe5 31. Qxg7 Qf2 32. Qxh6 Nd3 33. R1c2 Qf5
34. Qg7 Qxh5 35. Rc7 Nb4 36. Rc1 Qf5+ 37. Ka1 Rd1 38. a3 Nc2+ 39. Ka2 Kxc7 40.
Qc3+ Kb8 41. Rxc2 Qd5 42. Qc7+ Ka8 43. Rc5 Qd3 44. Nc1 Qd7 45. Qf4 Rc8 0-1

[Event "LLHH 1920 TV Fischbek - SK Johanneum Ep"]
[Site "?"]
[Date "2020.03.01"]
[Round "7.5"]
[White "Wenzel, Birger"]
[Black "Schneider, Alexander"]
[Result "0-1"]
[WhiteElo "2071"]
[BlackElo "2079"]
[PlyCount "68"]
[EventDate "2020.??.??"]

1. c4 e5 2. g3 c6 3. Nf3 e4 4. Nd4 d5 5. Bg2 Nf6 6. Nc3 Bd6 7. O-O O-O 8. d3
exd3 9. Qxd3 dxc4 10. Qxc4 Qc7 11. e4 Nbd7 12. h3 Nb6 13. Qe2 Be6 14. Nxe6 fxe6
15. f4 Bc5+ 16. Kh1 e5 17. f5 Kh8 18. g4 h6 19. h4 Ng8 20. g5 Qf7 21. Bf3 Rad8
22. Bh5 Qc4 23. Qg2 Rd7 24. Bd2 Rfd8 25. Rad1 Rxd2 26. Be2 Qf7 27. Rde1 Rxb2
28. Qg3 Rdd2 29. f6 gxf6 30. gxf6 Bd4 31. h5 Bxc3 32. Qg6 Qxg6 33. hxg6 Nxf6
34. Rxf6 Rxe2 0-1

[Event "LLHH 1920 TV Fischbek - SK Johanneum Ep"]
[Site "?"]
[Date "2020.03.01"]
[Round "7.6"]
[White "Peters, Thomas"]
[Black "Keyser, Robin"]
[Result "1-0"]
[WhiteElo "1815"]
[BlackElo "2122"]
[PlyCount "101"]
[EventDate "2020.??.??"]

1. Nc3 d5 2. e4 e6 3. f4 dxe4 4. Nxe4 Nf6 5. Nxf6+ Qxf6 6. d4 c5 7. Nf3 Bd6 8.
Bb5+ Bd7 9. Bxd7+ Nxd7 10. O-O cxd4 11. Nxd4 Bc5 12. Be3 O-O 13. c3 Qe7 14. Qf3
Nf6 15. Nc2 Rfd8 16. Rad1 Bxe3+ 17. Qxe3 Nd5 18. Qf2 Rd7 19. Rd4 Rad8 20. Rfd1
h6 21. h3 b5 22. R1d3 Qc5 23. Ne3 Nb6 24. Rxd7 Rxd7 25. Rxd7 Nxd7 26. Nc2 Qxf2+
27. Kxf2 Nc5 28. Nd4 a6 29. Nc6 Nd3+ 30. Ke3 Nxb2 31. Nb4 Nc4+ 32. Kd4 a5 33.
Nc6 Kf8 34. Na7 Nd6 35. Kc5 Ne4+ 36. Kd4 Nd6 37. Kc5 Ke7 38. Nxb5 Ne4+ 39. Kb6
a4 40. c4 Nd2 41. c5 Nc4+ 42. Kb7 Na5+ 43. Kc7 g5 44. g3 f6 45. Na3 e5 46. fxe5
f5 47. Kb6 h5 48. Kxa5 f4 49. g4 f3 50. Nc2 hxg4 51. hxg4 1-0

[Event "LLHH 1920 TV Fischbek - SK Johanneum Ep"]
[Site "?"]
[Date "2020.03.01"]
[Round "7.7"]
[White "Schueler, Hendrik"]
[Black "Reichhardt, Philip"]
[Result "0-1"]
[WhiteElo "2075"]
[BlackElo "1986"]
[PlyCount "74"]
[EventDate "2020.??.??"]

1. d4 d5 2. Nf3 Nf6 3. c4 e6 4. g3 Be7 5. Bg2 Nbd7 6. O-O O-O 7. Qc2 Re8 8.
Nbd2 c5 9. cxd5 exd5 10. dxc5 Nxc5 11. Nb3 b6 12. Nbd4 Bb7 13. Bh3 Bf8 14. Be3
Bc8 15. Bg2 Bb7 16. Rac1 Rc8 17. Bh3 Ne6 18. Qb1 Rxc1 19. Rxc1 Nxd4 20. Nxd4
Bc5 21. Qd3 Nd7 22. b3 Ne5 23. Qd2 h5 24. Bg5 f6 25. Bf4 Ng4 26. Bxg4 hxg4 27.
Rc2 Qe7 28. Be3 Qe4 29. b4 Bd6 30. Rc1 Kf7 31. Nb5 Bb8 32. Bf4 d4 33. f3 gxf3
34. exf3 Qxf3 35. Nd6+ Bxd6 36. Bxd6 Qh1+ 37. Kf2 Qg2# 0-1

[Event "LLHH 1920 Hamburger SK IV - SK Union Ei"]
[Site "?"]
[Date "2020.03.01"]
[Round "7.1"]
[White "Henrich, Holger"]
[Black "Weihrauch, Jakob"]
[Result "1/2-1/2"]
[WhiteElo "2158"]
[BlackElo "2190"]
[PlyCount "58"]
[EventDate "2020.??.??"]

1. d4 Nf6 2. c4 e6 3. Nc3 Bb4 4. e3 O-O 5. Bd2 Re8 6. Nf3 b6 7. Bd3 d5 8. cxd5
exd5 9. Ne5 Bb7 10. Rc1 c5 11. O-O Nc6 12. Nxc6 Bxc6 13. Ne2 Bxd2 14. Qxd2 c4
15. Ng3 Qd6 16. Bf5 b5 17. f3 b4 18. Qf2 g6 19. e4 gxf5 20. e5 Qe6 21. exf6
Qxf6 22. Qd2 a5 23. Qf4 Bd7 24. Rce1 a4 25. Nh5 Qg6 26. Qh4 Kh8 27. Nf4 Qd6 28.
Nxd5 Qxd5 29. Qf6+ Kg8 1/2-1/2

[Event "LLHH 1920 Hamburger SK IV - SK Union Ei"]
[Site "?"]
[Date "2020.03.01"]
[Round "7.2"]
[White "Frackowiak, Oliver"]
[Black "Foerster, Andreas"]
[Result "1/2-1/2"]
[WhiteElo "2164"]
[BlackElo "2177"]
[PlyCount "75"]
[EventDate "2020.??.??"]

1. e4 c5 2. d4 cxd4 3. c3 d3 4. Bxd3 d6 5. c4 Nf6 6. Nc3 e6 7. Nf3 Nbd7 8. O-O
Be7 9. h3 O-O 10. Bf4 b6 11. e5 dxe5 12. Nxe5 Bb7 13. Qe2 Nxe5 14. Bxe5 Qd7 15.
Rfd1 Qc6 16. f3 a6 17. Kh1 Rad8 18. Ne4 Nd7 19. Bd6 Bxd6 20. Nxd6 Nc5 21. Nxb7
Qxb7 22. Bc2 a5 23. Rxd8 Rxd8 24. Rd1 Qc7 25. b3 g6 26. a3 Rxd1+ 27. Qxd1 Kf8
28. Qd4 e5 29. Qd5 Ke7 30. b4 axb4 31. axb4 Ne6 32. Ba4 Nf4 33. Qb5 Qd6 34.
Qe8+ Kf6 35. Qh8+ Ke7 36. Qe8+ Kf6 37. Qh8+ Ke7 38. Qe8+ 1/2-1/2

[Event "LLHH 1920 Hamburger SK IV - SK Union Ei"]
[Site "?"]
[Date "2020.03.01"]
[Round "7.3"]
[White "Adloff, Ralf"]
[Black "Meier, David Geffrey"]
[Result "0-1"]
[WhiteElo "2078"]
[BlackElo "2136"]
[PlyCount "68"]
[EventDate "2020.??.??"]

1. e4 e5 2. Nf3 Nc6 3. Be2 f5 4. d4 fxe4 5. Nxe5 Nf6 6. O-O d6 7. Nxc6 bxc6 8.
Nc3 Be7 9. f3 exf3 10. Bxf3 Bd7 11. Qd3 d5 12. Bg5 O-O 13. Rae1 Rb8 14. b3 Bb4
15. Re5 Bd6 16. Re2 Be8 17. Ref2 Qc8 18. Qd1 Bd7 19. Be2 Be7 20. h3 h6 21. Bh4
Bxh3 22. Bxf6 Bxf6 23. gxh3 Qxh3 24. Bf3 Qh4 25. Ne2 Qg5+ 26. Bg2 Qe3 27. Kh1
Rbe8 28. Qc1 Qe7 29. Qd2 Qf7 30. Qd3 Qh5+ 31. Qh3 Qg5 32. c3 Re3 33. Qf5 Qxf5
34. Rxf5 Rxe2 0-1

[Event "LLHH 1920 Hamburger SK IV - SK Union Ei"]
[Site "?"]
[Date "2020.03.01"]
[Round "7.4"]
[White "Juergens, Bernhard"]
[Black "Franke, Lutz"]
[Result "1/2-1/2"]
[WhiteElo "2135"]
[BlackElo "2151"]
[PlyCount "89"]
[EventDate "2020.??.??"]

1. e4 e6 2. d4 d5 3. exd5 exd5 4. Bf4 Bf5 5. Bd3 Bxd3 6. Qxd3 c6 7. Nc3 Bd6 8.
Nge2 Ne7 9. O-O-O Na6 10. Rhe1 Bxf4+ 11. Nxf4 Qd6 12. g3 O-O-O 13. Re5 Ng6 14.
Nxg6 hxg6 15. h4 Rde8 16. Rde1 Nc7 17. Qe2 Rxe5 18. Qxe5 Qxe5 19. Rxe5 Ne6 20.
Ne2 Kd7 21. Kd2 f6 22. Re3 g5 23. hxg5 Nxg5 24. Nc3 Rh1 25. Re2 Rf1 26. Ke3 b5
27. a3 Nf7 28. Rd2 Re1+ 29. Kd3 Nd6 30. Rd1 Re8 31. b3 Rh8 32. Rf1 Rh2 33. Ke3
Nf5+ 34. Kd3 g5 35. Nd1 Nd6 36. g4 Ke6 37. f3 Kf7 38. Nf2 Rh8 39. Rh1 Rxh1 40.
Nxh1 Ke6 41. Nf2 a5 42. Ke3 f5 43. Nd3 Nb7 44. Ne5 Nd8 45. Nd3 1/2-1/2

[Event "LLHH 1920 Hamburger SK IV - SK Union Ei"]
[Site "?"]
[Date "2020.03.01"]
[Round "7.5"]
[White "Leonardi, Karlheinz"]
[Black "Posske, Thore"]
[Result "0-1"]
[WhiteElo "2100"]
[BlackElo "2018"]
[PlyCount "186"]
[EventDate "2020.??.??"]

1. c4 c6 2. g3 d5 3. Nf3 Nf6 4. Bg2 dxc4 5. Na3 b5 6. O-O e6 7. b3 cxb3 8. axb3
Be7 9. Bb2 Qb6 10. Ne5 O-O 11. Rc1 Bb7 12. d4 Rc8 13. Qd3 Nbd7 14. Nxd7 Nxd7
15. e4 a5 16. h4 Bxa3 17. Bxa3 b4 18. Bb2 Ba6 19. Qf3 Bxf1 20. Bxf1 Qd8 21. Bd3
Qe7 22. e5 Nb6 23. Rxc6 Nd5 24. Rd6 Rd8 25. Qe4 g6 26. Rxd8+ Qxd8 27. Bc4 Rc8
28. Bc1 a4 29. Bg5 Nc3 30. Qb7 Qc7 31. Qxb4 axb3 32. Bxb3 Rb8 33. Qc4 Qxc4 34.
Bxc4 Rb4 35. Bf1 Rxd4 36. Kg2 Kf8 37. Ba6 Rd5 38. Bf4 Rd1 39. Bb7 Ke7 40. Bf3
Rb1 41. Bc6 Nd5 42. Bg5+ f6 43. exf6+ Nxf6 44. Bf3 Kf7 45. Bf4 Nd5 46. Bg5 Re1
47. Bd2 Re5 48. Bc1 Ne7 49. Bf4 Rb5 50. Be2 Ra5 51. Bg5 Nd5 52. Bf3 Ra2 53. h5
gxh5 54. Bxh5+ Kg7 55. Bg4 Ra6 56. Bf3 Kg6 57. Bc1 Nf6 58. Be2 Rd6 59. Bf4 Rd8
60. g4 Rd4 61. Kg3 Ne4+ 62. Kf3 Nc3 63. Ba6 Kf6 64. Be3 Ra4 65. Bd3 Kg7 66. Bc2
Rc4 67. Bb3 Rc6 68. Bxe6 Rxe6 69. Bd4+ Rf6+ 70. Bxf6+ Kxf6 71. Kf4 Nd5+ 72. Ke4
Nc3+ 73. Kf4 Kg6 74. f3 Kf6 75. Kg3 Ne2+ 76. Kf2 Nf4 77. Ke3 Ke5 78. Kf2 Ng6
79. Kg3 h6 80. f4+ Nxf4 81. Kf3 Ng6 82. Kg3 Kf6 83. Kh3 Kg5 84. Kg3 Ne5 85. Kh3
Nxg4 86. Kg3 h5 87. Kh3 Ne5 88. Kg3 Ng6 89. Kh3 h4 90. Kg2 Kg4 91. Kh2 Nf4 92.
Kh1 Kg3 93. Kg1 Nh3+ 0-1

[Event "LLHH 1920 Hamburger SK IV - SK Union Ei"]
[Site "?"]
[Date "2020.03.01"]
[Round "7.6"]
[White "Groetzbach, Daniel"]
[Black "Winter, Markus"]
[Result "0-1"]
[WhiteElo "2079"]
[BlackElo "1984"]
[PlyCount "60"]
[EventDate "2020.??.??"]

1. e4 c6 2. b3 d5 3. Bb2 dxe4 4. Nc3 Nf6 5. Nge2 Bf5 6. Ng3 Bg6 7. Qe2 e6 8.
Ncxe4 Be7 9. O-O-O a5 10. a3 Nbd7 11. f3 Qc7 12. Qf2 b5 13. h4 h6 14. Bd3 Nd5
15. Qd4 e5 16. Qf2 b4 17. axb4 axb4 18. Ne2 Ra2 19. Kb1 Qa5 20. h5 Bh7 21. c4
bxc3 22. N2xc3 Rxb2+ 23. Kxb2 Qa3+ 24. Kb1 Qxb3+ 25. Ka1 Qa3+ 26. Kb1 O-O 27.
Qe2 Rb8+ 28. Nb5 Qb3+ 29. Kc1 Ba3+ 30. Nxa3 Qb2# 0-1

[Event "LLHH 1920 Hamburger SK IV - SK Union Ei"]
[Site "?"]
[Date "2020.03.01"]
[Round "7.7"]
[White "Jarnuczak, Detlev"]
[Black "Kirsch, Sergius"]
[Result "0-1"]
[WhiteElo "1964"]
[BlackElo "2006"]
[PlyCount "76"]
[EventDate "2020.??.??"]

1. d4 Nf6 2. c4 g6 3. Nc3 Bg7 4. g3 O-O 5. Bg2 d6 6. e4 Nc6 7. Nge2 e5 8. d5
Ne7 9. O-O Nh5 10. Be3 f5 11. f3 f4 12. Bf2 fxg3 13. hxg3 g5 14. Nc1 Ng6 15.
Nd3 Nf6 16. Rc1 h5 17. Be3 Nh7 18. Nf2 h4 19. Ne2 hxg3 20. Nxg3 Nf4 21. Ng4 Nf6
22. c5 Rf7 23. Rf2 Bf8 24. Rfc2 Bd7 25. Bf1 Rh7 26. Rh2 Rh4 27. Rxh4 gxh4 28.
Bxf4 exf4 29. Nf5 Bxf5 30. exf5 Bg7 31. Qe2 Kh8 32. Qe6 Nxg4 33. fxg4 Qg5 34.
Bh3 f3 35. Rf1 Qf4 36. Qe1 f2+ 37. Rxf2 Bd4 38. Kf1 Qg3 0-1

[Event "LLHH 1920 Hamburger SK IV - SK Union Ei"]
[Site "?"]
[Date "2020.03.01"]
[Round "7.8"]
[White "Salenko, Vadim"]
[Black "Nielsen, Joerg"]
[Result "1-0"]
[WhiteElo "1977"]
[BlackElo "1971"]
[PlyCount "85"]
[EventDate "2020.??.??"]

1. d4 Nf6 2. e3 g6 3. f4 Bg7 4. Nf3 c5 5. c3 Qc7 6. Bd3 d5 7. O-O b6 8. Nbd2
O-O 9. Ne5 Bb7 10. Qe2 Ne4 11. g4 e6 12. Qg2 f5 13. Ndf3 Nc6 14. Bd2 Rae8 15.
Be1 Ne7 16. Bh4 Bf6 17. Kh1 Bxh4 18. Nxh4 Kh8 19. Rf3 Rf6 20. Rg1 Rg8 21. Rh3
g5 22. fxg5 Nxg5 23. Rg3 f4 24. exf4 Rxf4 25. Qd2 Rgf8 26. Nf5 Ng6 27. Nxg6+
hxg6 28. Nh4 Ne4 29. Nxg6+ Kg8 30. Qe3 Nf2+ 31. Kg2 Nxd3 32. Qxd3 Rf2+ 33. Kh1
R8f6 34. Ne5 Qh7 35. Qxh7+ Kxh7 36. g5 Rf8 37. R3g2 R2f4 38. Rg4 Rf2 39. Rh4+
Kg7 40. g6 Rh8 41. Rxh8 Kxh8 42. g7+ Kg8 43. Ng4 1-0

[Event "LLHH 1920 Schachfreunde II - SK Union E"]
[Site "?"]
[Date "2021.08.21"]
[Round "8.3"]
[White "Foerster, Andreas"]
[Black "Dietz, Juergen"]
[Result "1-0"]
[WhiteElo "2177"]
[BlackElo "2146"]
[PlyCount "53"]
[EventDate "2021.??.??"]

1. d4 e6 2. c4 f5 3. Nf3 Nf6 4. g3 Be7 5. Bg2 O-O 6. O-O d6 7. b3 Qe8 8. Qc2
Nc6 9. Bb2 Qh5 10. Rd1 e5 11. d5 Nd8 12. Nc3 Nf7 13. Nb5 Bd8 14. c5 Bd7 15. a4
a6 16. Na3 g5 17. Nd2 Be7 18. b4 a5 19. Nb5 Rfc8 20. bxa5 f4 21. Ne4 Qg6 22.
Nxf6+ Qxf6 23. cxd6 cxd6 24. Nc3 Rxa5 25. Qb3 Rc7 26. Qb6 Rac5 27. Ne4 1-0

[Event "LLHH 1920 Schachfreunde II - SK Union E"]
[Site "?"]
[Date "2021.08.21"]
[Round "8.4"]
[White "Hermann, Matthias"]
[Black "Adloff, Ralf"]
[Result "1/2-1/2"]
[WhiteElo "2225"]
[BlackElo "2070"]
[Annotator "Kohlstädt,Jürgen"]
[PlyCount "107"]
[EventDate "2021.??.??"]

1. Nc3 d5 2. e4 d4 3. Nce2 c5 4. Ng3 Nc6 5. Bb5 Qc7 6. N1e2 h5 7. O-O h4 8. Nh1
h3 9. g3 Nf6 10. d3 e5 11. Bd2 Bd7 12. f3 a6 13. Bxc6 Bxc6 14. Nf2 Bd6 15. g4
O-O-O 16. Kh1 Rh7 17. Rg1 g6 18. Rg3 Rdh8 19. Qf1 Ne8 20. Rxh3 f5 21. Qg2 Qf7
22. Rxh7 Rxh7 23. b3 f4 24. c3 Nc7 25. Qf1 Ne6 26. Nh3 Qf8 27. Qg2 Qh8 28. Neg1
Be7 29. Rc1 Kb8 30. Be1 Qd8 31. c4 Qh8 32. a3 Qf8 33. Rb1 Ka7 34. b4 b5 35. a4
bxc4 36. b5 Bb7 37. dxc4 Bd8 38. Qb2 Qd6 39. Nf2 Ng5 40. Kg2 Ba8 41. a5 Bb7 42.
Qa3 Ka8 43. h3 Bc7 44. Nd3 Ne6 45. h4 Bd8 46. Nh3 Rh8 47. Ng5 Nxg5 48. hxg5 Be7
49. bxa6 Qxa6 50. Nxe5 Qe6 51. a6 Bxe4 52. fxe4 Qxe5 53. Qf3 Bxg5 54. Rb6 {(=)}
1/2-1/2

[Event "LLHH 1920 Schachfreunde II - SK Union E"]
[Site "?"]
[Date "2021.08.21"]
[Round "8.5"]
[White "Leonardi, Karlheinz"]
[Black "Mix, Clemens"]
[Result "1/2-1/2"]
[WhiteElo "2088"]
[BlackElo "1981"]
[Annotator "Kohlstädt,Jürgen"]
[PlyCount "44"]
[EventDate "2021.??.??"]

1. d4 Nf6 2. c4 e6 3. g3 d5 4. Bg2 Be7 5. Nf3 O-O 6. O-O dxc4 7. Qc2 a6 8. a4
Bd7 9. Ne5 Bc6 10. Nxc6 Nxc6 11. Bxc6 bxc6 12. Qxc4 Qd5 13. Qxd5 cxd5 14. Bf4
c5 15. dxc5 Bxc5 16. Nd2 Rfc8 17. Nb3 Bb4 18. Rfc1 Ne4 19. Rxc8+ Rxc8 20. Rc1
Rxc1+ 21. Bxc1 e5 22. f3 Nc5 {(=)} 1/2-1/2

[Event "LLHH 1920 Schachfreunde II - SK Union E"]
[Site "?"]
[Date "2021.08.21"]
[Round "8.7"]
[White "Krueger, Marian"]
[Black "Zippert, Georg"]
[Result "0-1"]
[WhiteElo "1900"]
[BlackElo "1846"]
[PlyCount "91"]
[EventDate "2021.??.??"]

1. e4 e5 2. Nf3 Nc6 3. Bb5 a6 4. Ba4 Nf6 5. O-O b5 6. Bb3 d6 7. Ng5 d5 8. exd5
Nd4 9. Re1 Bd6 10. Nc3 O-O 11. Nce4 h6 12. Nxf6+ Qxf6 13. Ne4 Qg6 14. d3 Bg4
15. Qd2 f5 16. Ng3 f4 17. Ne4 Bf3 18. Ng3 fxg3 19. hxg3 Nxb3 20. axb3 Bxd5 21.
c4 Bc6 22. b4 Rf5 23. c5 Be7 24. d4 Rd8 25. Rxa6 Rxd4 26. Qc2 Rf6 27. Qc3 Qd3
28. Rxe5 Qxc3 29. bxc3 Rd1+ 30. Kh2 Kf7 31. Be3 Rd5 32. Bd4 Rxe5 33. Bxe5 Re6
34. Bxc7 Bf6 35. Bd6 Bd5 36. Ra7+ Ke8 37. Ra5 Bc6 38. Ra6 Rxd6 39. cxd6 Kd7 40.
Ra3 Kxd6 41. g4 Kd5 42. f4 Kc4 43. Ra6 Bd5 44. Ra7 Bxc3 45. Rc7+ Kxb4 46. f5
0-1

[Event "LLHH 1920 SK Johanneum Eppendorf - Hamb"]
[Site "?"]
[Date "2021.08.21"]
[Round "8.1"]
[White "Frackowiak, Oliver"]
[Black "Wedberg, Tom"]
[Result "1/2-1/2"]
[WhiteElo "2164"]
[BlackElo "2411"]
[PlyCount "68"]
[EventDate "2021.??.??"]

1. e4 e5 2. Nf3 Nc6 3. Bc4 Nf6 4. d3 h6 5. c3 d6 6. Nbd2 a6 7. a4 g6 8. O-O Bg7
9. Re1 O-O 10. Nf1 d5 11. exd5 Nxd5 12. a5 Be6 13. Qb3 Qd7 14. Ng3 f5 15. Nd4
Bf7 16. Nxc6 Qxc6 17. Bd2 Qd7 18. Rad1 c6 19. Ne2 g5 20. Be3 f4 21. Bc5 f3 22.
Ng3 Nf4 23. d4 fxg2 24. dxe5 Nh3+ 25. Kxg2 Nf4+ 26. Kh1 Qh3 27. Rg1 Qg4 28.
Bxf7+ Rxf7 29. c4 Ne6 30. Bb6 c5 31. Qe3 Qxc4 32. Ne4 Nd4 33. Bxc5 Nf5 34. Qd3
Qxd3 1/2-1/2

[Event "LLHH 1920 SK Johanneum Eppendorf - Hamb"]
[Site "?"]
[Date "2021.08.21"]
[Round "8.2"]
[White "von Gleich, Alexander"]
[Black "Meier, David Geffrey"]
[Result "1-0"]
[WhiteElo "2334"]
[BlackElo "2144"]
[PlyCount "63"]
[EventDate "2021.??.??"]

1. Nf3 Nf6 2. c4 c5 3. Nc3 g6 4. d4 cxd4 5. Nxd4 Bg7 6. e4 O-O 7. Be2 Nc6 8.
Be3 d6 9. O-O Bd7 10. Qd2 Ng4 11. Bxg4 Bxg4 12. Rac1 Bd7 13. Rfd1 Ne5 14. b3
Ng4 15. Bg5 h6 16. Be3 Nxe3 17. Qxe3 a6 18. Nf3 Rc8 19. e5 Re8 20. Nd5 Bc6 21.
e6 Rf8 22. exf7+ Rxf7 23. Qe6 g5 24. Re1 Kf8 25. h4 Bd7 26. Qg6 Bf5 27. Qh5 g4
28. Rxe7 Rxe7 29. Qxf5+ Rf7 30. Qxg4 b5 31. Nd4 Bxd4 32. Qxd4 1-0